000 00520nam a2200181Ia 4500
008 240925s9999 xx 000 0 und d
020 _a72225653
082 _a005.8 BRA
100 _aBrain , Bufege
245 0 _aHacking exposed J2EE & java: developing secure applications with java technology
250 _aNA
260 _aNew York:
_bMc Graw HIll
_c,2002.
300 _a612p.
_bNA
_fPirated
500 _aNA
600 _aComputer Science
650 _aComputer science, information & general works
942 _cBK
999 _c7829
_d7829